| 000 | 01058cab a2200277 4500 | ||
|---|---|---|---|
| 001 | ABS45739 | ||
| 008 | 090401t1992 xxu||||| |||| 00| 0 eng d | ||
| 035 | _a(Sirsi) u54844 | ||
| 041 | _aeng | ||
| 100 | _aDollar, P. | ||
| 245 | _aBillson revisited: relief all round? | ||
| 260 | _c1992 | ||
| 350 | _a0 | ||
| 490 |
_aEstates Gazette _v(9202) 18 January 1992, 154-182(2) |
||
| 520 | _aJudgment in the House of Lords on the controversial case of "Billson v Residential Apartments Ltd" allowed tenants to claim relief from forfeiture following their landlord`s peaceable re-entry of property for breach of contract other than non-payment. | ||
| 650 | _aBILLSON AND OTHERS V RESIDENTIAL APARTMENTS LTD | ||
| 650 | _aFORFEITURE | ||
| 650 | _aLAW OF PROPERTY ACT 1925 S146 | ||
| 650 | _aPEACEABLE RE-ENTRY | ||
| 650 | _aRELIEF FROM FORFEITURE | ||
| 650 | _aPROPERTY-RESIDENTIAL PROPERTY-RESIDENTIAL LANDLORD AND TENANT-RESIDENTIAL TENANCIES | ||
| 690 |
_aLandlord and tenant _96252 |
||
| 700 | _aPeet, C. | ||
| 942 | _n0 | ||
| 948 | _c04/03/1997 | ||
| 999 |
_c33605 _d33605 |
||